Govt. of
Madhya Pradesh

David Hare (Record no. 15052)

MARC details
000 -LEADER
fixed length control field 004640000a22001930004500
001 - CONTROL NUMBER
control field 003146
003 - CONTROL NUMBER IDENTIFIER
control field MACL
005 - DATE AND TIME OF LATEST TRANSACTION
control field 20151015131625.0
008 - FIXED-LENGTH DATA ELEMENTS--GENERAL INFORMATION
fixed length control field 151015b xxu||||| |||| 00| 0 eng d
040 ## - CATALOGING SOURCE
Original cataloging agency MACL
Transcribing agency MACL
041 ## - LANGUAGE CODE
Language code of text/sound track or separate title English
082 ## - DEWEY DECIMAL CLASSIFICATION NUMBER
Classification number 920.71/MIT
100 ## - MAIN ENTRY--PERSONAL NAME
Personal name Mittra, Peary Chand
9 (RLIN) 14970
245 ## - TITLE STATEMENT
Title David Hare
Statement of responsibility, etc. Peary Chand Mittra
260 ## - PUBLICATION, DISTRIBUTION, ETC. (IMPRINT)
Place of publication, distribution, etc. Kolkata
Date of publication, distribution, etc. 2002
Name of publisher, distributor, etc. Radiance,
350 ## - PRICE (NR) (BK AM CF MU VM SE) [OBSOLETE]
Price 160
650 ## - SUBJECT ADDED ENTRY--TOPICAL TERM
Topical term or geographic name as entry element Biography
9 (RLIN) 14972
942 ## - ADDED ENTRY ELEMENTS (KOHA)
Call number prefix 921
Koha item type Books
Source of classification or shelving scheme
Holdings
Withdrawn status Lost status Source of classification or shelving scheme Damaged status Not for loan Home library Current library Date acquired Cost, normal purchase price Total Checkouts Full call number Barcode Date last seen Uniform Resource Identifier Price effective from Koha item type
          MACL MACL 15/04/2015 160.00   920.71/MIT CRE015281 02/05/2024 14941 15/04/2015 Books